[Event "Staufer op 34th"]
[Site "Schwaebisch Gmuend"]
[Date "2024.01.06"]
[Round "9"]
[White "Degenhard, Simon"]
[Black "Stoeckl, Stephan"]
[Result "1/2-1/2"]
[WhiteElo "2221"]
[BlackElo "1981"]
[PlyCount "53"]
[EventDate "2024.01.02"]
[EventType "swiss"]
[EventRounds "9"]
[EventCountry "GER"]
[SourceTitle "CB02_2024"]
[SourceDate "2024.01.10"]
[SourceVersion "1"]
[SourceVersionDate "2024.01.10"]
[SourceQuality "1"]

1. d4 Nf6 2. Nf3 e6 3. e3 d5 4. c4 Be7 5. Nc3 0-0 6. b3 b6 7. Bb2 Bb7 8. Bd3 Nbd7 9. 0-0 c5 10. cxd5 Nxd5 11. Nxd5 Bxd5 12. Rc1 Nf6 13. Qe2 a5 14. Rfd1 cxd4 15. Bxd4 Qb8 16. e4 Bb7 17. Be5 Qa7 18. Nd4 Rac8 19. Nb5 Qa8 20. Nc7 Qa7 21. a4 Nd7 22. Nb5 Qa8 23. Bg3 Rxc1 24. Rxc1 Rc8 25. Rc7 Rxc7 26. Nxc7 Bc5 27. Kf1 1/2-1/2

[Event "Mittelfranken Landesliga Nord 2223"]
[Site "Mittelfranken"]
[Date "2023.01.15"]
[Round "5.6"]
[White "Stoeckl, Stephan"]
[Black "Mueller, Johannes2222"]
[Result "1/2-1/2"]
[WhiteElo "1965"]
[BlackElo "2018"]
[PlyCount "52"]
[EventDate "2022.10.09"]
[EventType "team-tourn"]
[EventRounds "9"]
[EventCountry "GER"]
[SourceTitle "EXT 2024"]
[Source "ChessBase"]
[SourceDate "2023.10.10"]
[SourceVersion "1"]
[SourceVersionDate "2023.10.10"]
[SourceQuality "1"]
[WhiteTeam "Schwandorf"]
[BlackTeam "Kelheim"]
[WhiteTeamCountry "GER"]
[BlackTeamCountry "GER"]

1. Nf3 Nf6 2. c4 g6 3. g3 Bg7 4. Bg2 d5 5. cxd5 Nxd5 6. Nc3 c5 7. 0-0 0-0 8. Nxd5 Qxd5 9. d3 Nc6 10. Be3 Bxb2 11. Rb1 Bf6 12. Qa4 Qd7 13. Bxc5 b6 14. Bxb6 Nd4 15. Qd1 axb6 16. Nxd4 Rxa2 17. Qb3 Qa4 18. Qxa4 Rxa4 19. Nc6 Bg4 20. e3 Be2 21. Rfc1 Bxd3 22. Rxb6 Kg7 23. Rb3 Rc4 24. Rxc4 Bxc4 25. Rb8 Rxb8 26. Nxb8 h5 1/2-1/2

[Event "Bayern-ch 89th"]
[Site "Bad Kissingen"]
[Date "2018.08.30"]
[Round "6"]
[White "Brunner, Tobias"]
[Black "Stoeckl, Stephan"]
[Result "1/2-1/2"]
[WhiteElo "1944"]
[BlackElo "2081"]
[PlyCount "38"]
[EventDate "2018.08.26"]
[EventType "swiss"]
[EventRounds "9"]
[EventCountry "GER"]
[SourceTitle "CBM 189 Extra"]
[Source "ChessBase"]
[SourceDate "2019.06.03"]
[SourceVersion "1"]
[SourceVersionDate "2019.06.03"]
[SourceQuality "1"]

1. e4 c5 2. Nc3 Nc6 3. Bc4 g6 4. f4 Bg7 5. Nf3 e6 6. 0-0 Nge7 7. d3 0-0 8. a3 d5 9. Ba2 b6 10. Ne2 dxe4 11. dxe4 Ba6 12. Qxd8 Raxd8 13. Kf2 Nd4 14. Nfxd4 cxd4 15. Rd1 d3 16. cxd3 Bxd3 17. e5 Nf5 18. g4 Ne7 19. Be3 Be4 1/2-1/2

[Event "Bayern-ch 89th"]
[Site "Bad Kissingen"]
[Date "2018.08.28"]
[Round "4"]
[White "Stoeckl, Stephan"]
[Black "Bunk, Wolfgang"]
[Result "1/2-1/2"]
[WhiteElo "2081"]
[BlackElo "1984"]
[PlyCount "31"]
[EventDate "2018.08.26"]
[EventType "swiss"]
[EventRounds "9"]
[EventCountry "GER"]
[SourceTitle "CBM 189 Extra"]
[Source "ChessBase"]
[SourceDate "2019.06.03"]
[SourceVersion "1"]
[SourceVersionDate "2019.06.03"]
[SourceQuality "1"]

1. Nf3 d5 2. c4 d4 3. e3 Nc6 4. d3 e5 5. Be2 f6 6. 0-0 Nge7 7. exd4 Nxd4 8. Nxd4 Qxd4 9. Nc3 c6 10. Be3 Qd8 11. b4 Nf5 12. Rb1 a6 13. Bf3 Bd7 14. Re1 Be7 15. a3 0-0 16. Qc2 1/2-1/2

[Event "Oberpfalz-ch M1"]
[Site "Bad Koetzting"]
[Date "2018.03.25"]
[Round "3"]
[White "Uphoff, Lennart"]
[Black "Stoeckl, Stephan"]
[Result "1/2-1/2"]
[WhiteElo "2067"]
[BlackElo "2074"]
[PlyCount "65"]
[EventDate "2018.03.24"]
[EventType "swiss"]
[EventRounds "8"]
[EventCountry "GER"]
[SourceTitle "EXT 2020"]
[Source "ChessBase"]
[SourceDate "2019.10.17"]
[SourceVersion "1"]
[SourceVersionDate "2019.10.17"]
[SourceQuality "1"]

1. d4 Nf6 2. c4 e6 3. Nc3 d5 4. cxd5 exd5 5. Bg5 Be7 6. e3 c6 7. Qc2 0-0 8. Bd3 Nbd7 9. Nge2 Re8 10. 0-0 Nf8 11. f3 Ng6 12. Rad1 Nh5 13. Bxe7 Qxe7 14. e4 dxe4 15. fxe4 Be6 16. e5 Rad8 17. Ne4 Bd5 18. Rf2 Bxe4 19. Bxe4 Nf8 20. Bf3 Qg5 21. Qc1 Qxc1 22. Rxc1 g6 23. Bxh5 gxh5 24. Rc4 Ne6 25. Rf5 h4 26. h3 Rd5 27. Rh5 c5 28. dxc5 Rxc5 29. Rcxh4 Nf8 30. Nc3 Rexe5 31. Rxe5 Rxe5 32. Kf2 Ne6 33. Re4 1/2-1/2

[Event "Regionalliga Nord-Ost 1718"]
[Site "Bayern"]
[Date "2017.11.26"]
[Round "3.4"]
[White "Willim, Michael"]
[Black "Stoeckl, Stephan"]
[Result "1-0"]
[WhiteElo "2086"]
[BlackElo "1964"]
[PlyCount "69"]
[EventDate "2017.10.22"]
[EventType "team-tourn"]
[EventRounds "9"]
[EventCountry "GER"]
[SourceTitle "EXT 2022"]
[Source "ChessBase"]
[SourceDate "2021.10.06"]
[SourceVersion "1"]
[SourceVersionDate "2021.10.06"]
[SourceQuality "1"]
[WhiteTeam "Erlangen SC II"]
[BlackTeam "Schwandorf"]
[WhiteTeamCountry "GER"]
[BlackTeamCountry "GER"]

1. c4 Nf6 2. Nc3 e6 3. e4 c5 4. e5 Ng8 5. Nf3 Nc6 6. d4 cxd4 7. Nxd4 Nxe5 8. Ndb5 a6 9. Nd6+ Bxd6 10. Qxd6 f6 11. Be3 Ne7 12. Bb6 Nf5 13. Bxd8 Nxd6 14. Bc7 Ndf7 15. 0-0-0 0-0 16. Be2 Re8 17. f4 Nc6 18. Rhe1 d6 19. Bxd6 Nxd6 20. Rxd6 Rd8 21. Rxd8+ Nxd8 22. Rd1 Nc6 23. Bf3 Ne7 24. Rd8+ Kf7 25. Ne4 Nf5 26. g4 Ke7 27. Rg8 Nd4 28. Bh1 f5 29. gxf5 exf5 30. Nc5 Kf6 31. Kd2 Kf7 32. Bd5+ Kf6 33. Nd7+ Bxd7 34. Rxa8 Bc6 35. Kd3 1-0

[Event "Oberpfalz-ch M1"]
[Site "Windischeschenbach"]
[Date "2017.04.09"]
[Round "3"]
[White "Uphoff, Lennart"]
[Black "Stoeckl, Stephan"]
[Result "0-1"]
[WhiteElo "2014"]
[BlackElo "2097"]
[PlyCount "92"]
[EventDate "2017.04.08"]
[EventType "swiss"]
[EventRounds "8"]
[EventCountry "GER"]
[SourceTitle "EXT 2020"]
[Source "ChessBase"]
[SourceDate "2019.10.17"]
[SourceVersion "1"]
[SourceVersionDate "2019.10.17"]
[SourceQuality "1"]

1. d4 Nf6 2. c4 e6 3. Nc3 d5 4. cxd5 exd5 5. Bg5 c6 6. Qc2 Nbd7 7. e3 Be7 8. Bd3 0-0 9. Nge2 Re8 10. 0-0 Nf8 11. f3 Nh5 12. Bxe7 Qxe7 13. e4 dxe4 14. fxe4 Be6 15. Kh1 Rad8 16. e5 Qh4 17. Ne4 Bd5 18. Nd6 Rxd6 19. exd6 Re3 20. Kg1 Bxg2 21. Kxg2 Qh3+ 22. Kh1 Rxd3 23. Nf4 Nxf4 24. Rxf4 Rf3 25. Qe4 Re3 26. Qf5 Qxf5 27. Rxf5 Re6 28. Re5 Rxd6 29. Re7 b6 30. Rxa7 Rxd4 31. Re1 g5 32. Ree7 Rf4 33. Rec7 Rf6 34. Ra6 Ng6 35. Rxb6 Nh4 36. Kg1 Nf3+ 37. Kg2 Nh4+ 38. Kg1 Nf3+ 39. Kf2 Ne5+ 40. Ke2 g4 41. Re7 Nf3 42. Kf2 Nd4+ 43. Kg2 Nf5 44. Rc7 Ne3+ 45. Kg3 Rf3+ 46. Kh4 h6 0-1

[Event "Regionalliga NO 1617"]
[Site "Bayern"]
[Date "2017.03.19"]
[Round "7.4"]
[White "Simon, Guenther"]
[Black "Stoeckl, Stephan"]
[Result "1/2-1/2"]
[WhiteElo "1884"]
[BlackElo "2028"]
[PlyCount "48"]
[EventDate "2016.10.16"]
[EventType "team-tourn"]
[EventRounds "9"]
[EventCountry "GER"]
[SourceTitle "EXT 2019"]
[Source "ChessBase"]
[SourceDate "2018.10.10"]
[SourceVersion "1"]
[SourceVersionDate "2018.10.10"]
[SourceQuality "1"]
[WhiteTeam "Regensburg Turnerschaft"]
[BlackTeam "Schwandorf"]
[WhiteTeamCountry "GER"]
[BlackTeamCountry "GER"]

1. e4 c5 2. Nf3 e6 3. Nc3 Nc6 4. d4 cxd4 5. Nxd4 Nf6 6. Ndb5 Bb4 7. a3 Bxc3+ 8. Nxc3 d5 9. exd5 exd5 10. Bd3 0-0 11. 0-0 d4 12. Ne2 Bg4 13. Bg5 Qd6 14. Re1 Rfe8 15. Qd2 Bxe2 16. Bf4 Qd5 17. Rxe2 Rxe2 18. Qxe2 Re8 19. Qf1 h6 20. Re1 Ne5 21. h3 Qa5 22. Rxe5 Rxe5 23. Bxe5 Qxe5 24. Qe2 Qc5 1/2-1/2